Fr. Conceicao Rodrigues College of Engineering

Datastructures:A Pseudocode approach with C (Record no. 21219)

MARC details
000 -LEADER
fixed length control field 00319nam a2200133Ia 4500
082 ## - DEWEY DECIMAL CLASSIFICATION NUMBER
Classification number 5.72
Item number GIL
100 ## - MAIN ENTRY--PERSONAL NAME
Personal name Gilberg/Richard F/ Forouzan
245 ## - TITLE STATEMENT
Title Datastructures:A Pseudocode approach with C
260 ## - PUBLICATION, DISTRIBUTION, ETC.
Name of publisher, distributor, etc. Thomsan Learning
Date of publication, distribution, etc. 1998
300 ## - PHYSICAL DESCRIPTION
Extent 671
546 ## - LANGUAGE NOTE
Language note ENGLISH
654 ## - SUBJECT ADDED ENTRY--FACETED TOPICAL TERMS
Focus term datastructures
942 ## - ADDED ENTRY ELEMENTS (KOHA)
Koha item type Reference Book
Holdings
Withdrawn status Lost status Damaged status Not for loan Collection Home library Current library Date acquired Total Checkouts Full call number Barcode Date last seen Price effective from Koha item type
        CRC Fr. Agnel's C.Rodrigues College of Engineering Fr. Agnel's C.Rodrigues College of Engineering 17/03/2023   5.72 GIL 13150 17/03/2023 17/03/2023 Reference Book